=LDR 00000nam 2200000 4500 =001 INLIS000000000000272 =005 20150305111044.0 =006 =007 =008 Ind =035 ##$$0010-061300000000272 =041 ##$$a Ind =082 ##$$a 621.3 =090 ##$$a 621.3 Van l =100 ##$$a Vancleave, Janice =245 ##$$a Listrik, berbagai percobaan menakjubkan yang dapat dijadikan proyek pameran sains / Janice Vancleave; Penerjemah, Dadi Pakar =260 ##$$a Jakarta $b Pustaka Utama Grafiti $c 1996 =300 ##$$a 119 hlm. : ilus. ; 21 cm =650 ##$$a Listrik =700 ##$$a Pakar, Dadi =850 ##$$a NBPNMAT